Statistics for 300 Biggest Counties in the United States

Click here to take the quiz!

General Stats

  • This quiz has been taken 182 times
  • The average score is 159 of 300

Answer Stats

PopulationStateAnswer% Correct
10,014,009CaliforniaLos Angeles
99%
2,701,767FloridaMiami-Dade
93%
3,186,989CaliforniaOrange
93%
401,310New YorkOrange
93%
1,429,908FloridaOrange
93%
5,275,541IllinoisCook
91%
2,613,539TexasDallas
90%
2,269,675WashingtonKing
90%
1,694,251New YorkNew York
88%
3,298,634CaliforniaSan Diego
88%
245,871ArkansasWashington
88%
600,372OregonWashington
88%
267,568MinnesotaWashington
88%
4,420,568ArizonaMaricopa
86%
873,965CaliforniaSan Francisco
86%
440,781LouisianaJefferson
84%
582,910ColoradoJefferson
84%
674,721AlabamaJefferson
84%
782,969KentuckyJefferson
84%
256,526TexasJefferson
84%
1,472,654New YorkBronx
82%
4,731,145TexasHarris
82%
717,204MissouriJackson
82%
2,736,074New YorkKings
82%
1,603,797PennsylvaniaPhiladelphia
82%
2,405,464New YorkQueens
82%
1,585,055CaliforniaSacramento
81%
503,311WashingtonClark
80%
2,265,461NevadaClark
80%
865,657TexasEl Paso
79%
730,395ColoradoEl Paso
79%
954,236New YorkErie
79%
270,876PennsylvaniaErie
79%
2,418,485CaliforniaRiverside
79%
830,639OhioHamilton
78%
366,207TennesseeHamilton
78%
347,467IndianaHamilton
78%
2,181,654CaliforniaSan Bernardino
78%
1,004,125MissouriSt. Louis
78%
759,443New YorkMonroe
77%
1,185,238UtahSalt Lake
77%
1,793,561MichiganWayne
77%
715,522ColoradoDenver
76%
1,008,654CaliforniaFresno
76%
714,342IllinoisLake
76%
498,700IndianaLake
76%
383,956FloridaLake
76%
232,603OhioLake
76%
1,062,061MarylandMontgomery
76%
856,553PennsylvaniaMontgomery
76%
537,309OhioMontgomery
76%
620,443TexasMontgomery
76%
301,578MissouriSt. Louis
76%
1,525,920New YorkSuffolk
76%
797,936MassachusettsSuffolk
76%
494,967IdahoAda
74%
1,395,774New YorkNassau
74%
1,936,259CaliforniaSanta Clara
74%
1,066,710GeorgiaFulton
73%
796,292OklahomaOklahoma
73%
519,572ColoradoAdams
71%
1,264,817OhioCuyahoga
71%
1,281,565MinnesotaHennepin
71%
1,016,508HawaiiHonolulu
71%
1,274,395MichiganOakland
71%
495,747New YorkRichmond
71%
1,250,578PennsylvaniaAllegheny
70%
1,944,375FloridaBroward
70%
1,323,807OhioFranklin
70%
995,567FloridaDuval
69%
809,829MassachusettsEssex
69%
863,728New JerseyEssex
69%
657,974MichiganKent
69%
939,489WisconsinMilwaukee
69%
1,004,457New YorkWestchester
69%
1,682,353CaliforniaAlameda
68%
2,009,324TexasBexar
68%
899,498ConnecticutHartford
68%
1,459,762FloridaHillsborough
68%
422,937New HampshireHillsborough
68%
760,822FloridaLee
68%
669,279OklahomaTulsa
68%
585,708MarylandBaltimore
67%
854,535MarylandBaltimore
67%
1,150,309VirginiaFairfax
67%
863,162New JerseyMiddlesex
67%
1,632,002MassachusettsMiddlesex
67%
725,046FloridaPolk
67%
492,401IowaPolk
67%
696,355IllinoisWill
67%
660,741Rhode IslandProvidence
66%
448,229CaliforniaSanta Barbara
66%
609,863KansasJohnson
65%
375,908FloridaMarion
65%
977,203IndianaMarion
65%
345,920OregonMarion
65%
1,115,482North CarolinaMecklenburg
65%
238,005VirginiaNorfolk
65%
725,981MassachusettsNorfolk
65%
383,997LouisianaOrleans
65%
1,492,191FloridaPalm Beach
65%
909,235CaliforniaKern
64%
265,859IllinoisMadison
64%
388,153AlabamaMadison
64%
637,229New JerseyOcean
64%
959,107FloridaPinellas
64%
2,110,640TexasTarrant
64%
1,290,188TexasTravis
64%
282,090South CarolinaYork
64%
456,438PennsylvaniaYork
64%
955,732New JerseyBergen
63%
408,235South CarolinaCharleston
63%
764,382GeorgiaDeKalb
63%
552,984PennsylvaniaLancaster
63%
322,608NebraskaLancaster
63%
1,129,410North CarolinaWake
63%
314,848New YorkAlbany
62%
766,149GeorgiaCobb
62%
724,854New JerseyHudson
62%
864,835ConnecticutNew Haven
62%
1,043,433ArizonaPima
62%
843,843CaliforniaVentura
62%
715,884TennesseeDavidson
60%
576,830PennsylvaniaDelaware
60%
957,062GeorgiaGwinnett
60%
764,442CaliforniaSan Mateo
60%
237,378DelawareSussex
60%
646,538PennsylvaniaBucks
59%
906,422TexasDenton
59%
929,744TennesseeShelby
59%
862,111MassachusettsWorcester
59%
1,165,927CaliforniaContra Costa
58%
815,428OregonMultnomah
58%
330,758ColoradoBoulder
57%
523,485New JerseyCamden
57%
262,321CaliforniaMarin
57%
967,201MarylandPrince George's
57%
575,345New JerseyUnion
56%
238,267North CarolinaUnion
56%
659,399UtahUtah
56%
334,728North CarolinaCumberland
55%
259,469PennsylvaniaCumberland
55%
303,069MaineCumberland
55%
957,419ConnecticutFairfield
55%
921,130WashingtonPierce
55%
539,339WashingtonSpokane
55%
534,413PennsylvaniaChester
54%
478,971TennesseeKnox
54%
459,470VirginiaVirginia Beach
54%
274,534New JerseyAtlantic
53%
655,070ColoradoArapahoe
52%
428,849PennsylvaniaBerks
52%
779,233CaliforniaSan Joaquin
52%
270,861CaliforniaSanta Cruz
52%
588,261MarylandAnne Arundel
51%
676,444New MexicoBernalillo
51%
561,504WisconsinDane
51%
357,978ColoradoDouglas
51%
584,526NebraskaDouglas
51%
552,352MinnesotaRamsey
51%
291,247AlaskaAnchorage
49%
249,422VirginiaChesapeake
49%
253,335MissouriClay
49%
456,781LouisianaEast Baton Rouge
49%
310,639TexasLubbock
49%
414,809AlabamaMobile
49%
282,424CaliforniaSan Luis Obispo
49%
268,740WIsconsinBrown
48%
322,570KentuckyFayette
48%
570,719DelawareNew Castle
48%
530,819MassachusettsPlymouth
48%
553,543FloridaVolusia
48%
509,285New JerseyMorris
47%
388,656FloridaOsceola
47%
606,612FloridaBrevard
46%
1,064,465TexasCollin
46%
932,877IllinoisDuPage
46%
324,833North CarolinaDurham
46%
241,753LouisianaLafayette
46%
881,217MichiganMacomb
46%
643,615New JerseyMonmouth
46%
439,035CaliforniaMonterey
46%
524,118New JerseyPassaic
46%
482,204VirginiaPrince William
46%
362,679UtahDavis
45%
420,959VirginiaLoudoun
45%
827,957WashingtonSnohomish
45%
238,643VirginiaArlington
44%
579,200MassachusettsBristol
44%
525,534South CarolinaGreenville
44%
247,726TennesseeWilliamson
44%
609,017TexasWilliamson
44%
321,905FloridaEscambia
43%
465,825MassachusettsHampden
43%
870,781TexasHidalgo
43%
486,492NevadaWashoe
43%
689,545-----District Of Columbia
42%
281,202CaliforniaMerced
42%
399,125ArkansasPulaski
42%
228,996MassachusettsBarnstable
41%
421,401OregonClackamas
41%
822,779TexasFort Bend
41%
332,317MarylandHoward
41%
516,522IllinoisKane
41%
387,340New JerseyMercer
41%
425,264ArizonaPinal
41%
470,856FloridaSeminole
41%
345,361New JerseySomerset
41%
375,752FloridaCollier
40%
271,717MarylandFrederick
40%
338,329New YorkRockland
40%
488,863CaliforniaSonoma
40%
298,915MissouriGreene
38%
374,557PennsylvaniaLehigh
38%
268,555ConnecticutNew London
38%
561,891FloridaPasco
38%
523,824KansasSedgwick
38%
461,860New JerseyBurlington
37%
292,198FloridaLeon
37%
434,006FloridaSarasota
37%
453,491CaliforniaSolano
37%
329,226FloridaSt. Lucie
37%
473,117CaliforniaTulare
37%
236,209ArizonaYavapai
37%
266,620GeorgiaCherokee
36%
295,911New YorkDutchess
36%
406,978WisconsinWaukesha
36%
382,590North CarolinaForsyth
35%
251,283GeorgiaForsyth
35%
334,389VirginiaHenrico
35%
399,710FloridaManatee
35%
233,479TexasSmith
35%
242,337OhioWarren
35%
325,594PennsylvaniaLuzerne
34%
404,739CaliforniaPlacer
34%
405,262MissouriSt. Charles
34%
295,528OklahomaCleveland
33%
552,878CaliforniaStanislaus
33%
385,410IndianaAllen
32%
240,712GeorgiaHenry
32%
312,951PennsylvaniaNorthampton
32%
354,663PennsylvaniaWestmoreland
32%
284,333ArkansasBenton
31%
237,848LouisianaCaddo
31%
439,882MinnesotaDakota
31%
350,682TexasGalveston
31%
302,294New JerseyGloucester
31%
541,299North CarolinaGuilford
31%
293,991South CarolinaLexington
31%
314,176New HampshireRockingham
31%
327,997South CarolinaSpartanburg
31%
540,428OhioSummit
31%
328,981ColoradoWeld
31%
421,017TexasCameron
30%
295,291GeorgiaChatham
30%
431,279OhioLucas
30%
353,178TexasNueces
30%
416,147South CarolinaRichland
30%
273,425FloridaSt. Johns
30%
278,468FloridaAlachua
29%
370,647TexasBell
29%
390,357OhioButler
29%
364,548VirginiaChesterfield
29%
260,924MarylandHarford
29%
232,125New YorkOneida
27%
372,258MichiganWashtenaw
27%
256,728WashingtonYakima
27%
297,595GeorgiaClayton
26%
312,964OhioLorain
26%
257,400IllinoisSt. Clair
26%
267,114TexasWebb
26%
363,887MinnesotaAnoka
25%
406,211MichiganGenesee
25%
351,029South CarolinaHorry
25%
230,299IowaLinn
25%
261,670MichiganKalamazoo
24%
382,971OregonLane
24%
359,066ColoradoLarimer
24%
310,229IllinoisMcHenry
24%
374,853OhioStark
24%
231,105IdahoCanyon
23%
286,401PennsylvaniaDauphin
23%
296,200MichiganOttawa
23%
231,767AlabamaBaldwin
22%
269,452North CarolinaBuncombe
22%
372,031TexasBrazoria
21%
241,067TexasHays
21%
284,900MichiganIngham
21%
235,509New YorkSaratoga
21%
264,570LouisianaSt. Tammany
19%
294,793WashingtonThurston
19%
262,223UtahWeber
19%
285,350IllinoisWinnebago
19%
272,912IndianaSt. Joseph
18%
260,579TexasMcLennan
16%
341,486TennesseeRutherford
16%
229,861South CarolinaBerkeley
15%
275,611WashingtonKitsap
14%
476,516New YorkOnondoga
11%
233,849TexasBrazos
10%

Score Distribution

Percentile by Number Answered

Percent of People with Each Score

Your Score History

You have not taken this quiz